<?xml version="1.0" encoding="UTF-8"?>
<record
    xmlns:xsi="http://www.w3.org/2001/XMLSchema-instance"
    xsi:schemaLocation="http://www.loc.gov/MARC21/slim http://www.loc.gov/standards/marcxml/schema/MARC21slim.xsd"
    xmlns="http://www.loc.gov/MARC21/slim">

  <leader>01347nam a22002177a 4500</leader>
  <datafield tag="952" ind1=" " ind2=" ">
    <subfield code="0">0</subfield>
    <subfield code="1">0</subfield>
    <subfield code="4">0</subfield>
    <subfield code="7">0</subfield>
    <subfield code="a">11</subfield>
    <subfield code="b">11</subfield>
    <subfield code="d">2009-08-07</subfield>
    <subfield code="l">5</subfield>
    <subfield code="o">RC489 G37</subfield>
    <subfield code="p">11 008003</subfield>
    <subfield code="r">2018-03-13</subfield>
    <subfield code="s">2018-03-13</subfield>
    <subfield code="t">1</subfield>
    <subfield code="w">2012-06-26</subfield>
    <subfield code="y">LB</subfield>
  </datafield>
  <datafield tag="952" ind1=" " ind2=" ">
    <subfield code="0">0</subfield>
    <subfield code="1">0</subfield>
    <subfield code="4">0</subfield>
    <subfield code="7">0</subfield>
    <subfield code="a">11</subfield>
    <subfield code="b">11</subfield>
    <subfield code="d">2009-08-07</subfield>
    <subfield code="l">2</subfield>
    <subfield code="o">RC489 G37</subfield>
    <subfield code="p">11 008004</subfield>
    <subfield code="r">2017-07-05</subfield>
    <subfield code="s">2017-07-05</subfield>
    <subfield code="t">2</subfield>
    <subfield code="w">2012-06-26</subfield>
    <subfield code="y">LB</subfield>
  </datafield>
  <datafield tag="952" ind1=" " ind2=" ">
    <subfield code="0">0</subfield>
    <subfield code="1">0</subfield>
    <subfield code="4">0</subfield>
    <subfield code="7">0</subfield>
    <subfield code="a">11</subfield>
    <subfield code="b">11</subfield>
    <subfield code="d">2009-08-07</subfield>
    <subfield code="l">3</subfield>
    <subfield code="o">RC489 G37</subfield>
    <subfield code="p">11 008005</subfield>
    <subfield code="r">2024-06-11</subfield>
    <subfield code="s">2024-06-11</subfield>
    <subfield code="t">3</subfield>
    <subfield code="w">2012-06-26</subfield>
    <subfield code="y">LB</subfield>
  </datafield>
  <datafield tag="952" ind1=" " ind2=" ">
    <subfield code="0">0</subfield>
    <subfield code="1">0</subfield>
    <subfield code="4">0</subfield>
    <subfield code="7">0</subfield>
    <subfield code="a">11</subfield>
    <subfield code="b">11</subfield>
    <subfield code="d">2014-08-28</subfield>
    <subfield code="l">4</subfield>
    <subfield code="o">RC489 G37</subfield>
    <subfield code="p">11 010916</subfield>
    <subfield code="r">2017-03-16</subfield>
    <subfield code="s">2017-03-16</subfield>
    <subfield code="t">4</subfield>
    <subfield code="w">2014-08-28</subfield>
    <subfield code="y">LB</subfield>
  </datafield>
  <datafield tag="952" ind1=" " ind2=" ">
    <subfield code="0">0</subfield>
    <subfield code="1">0</subfield>
    <subfield code="2">lcc</subfield>
    <subfield code="4">0</subfield>
    <subfield code="7">0</subfield>
    <subfield code="a">04</subfield>
    <subfield code="b">04</subfield>
    <subfield code="d">2015-01-07</subfield>
    <subfield code="l">58</subfield>
    <subfield code="m">1</subfield>
    <subfield code="o">RC489 G37 2009</subfield>
    <subfield code="p">04 004855</subfield>
    <subfield code="r">2024-04-24</subfield>
    <subfield code="s">2022-06-16</subfield>
    <subfield code="t">1</subfield>
    <subfield code="w">2015-01-07</subfield>
    <subfield code="y">LB</subfield>
  </datafield>
  <datafield tag="952" ind1=" " ind2=" ">
    <subfield code="0">0</subfield>
    <subfield code="1">0</subfield>
    <subfield code="4">0</subfield>
    <subfield code="7">0</subfield>
    <subfield code="a">11</subfield>
    <subfield code="b">11</subfield>
    <subfield code="d">2018-09-12</subfield>
    <subfield code="l">1</subfield>
    <subfield code="o">RC489 G37</subfield>
    <subfield code="p">11 013801</subfield>
    <subfield code="r">2018-11-10</subfield>
    <subfield code="s">2018-11-10</subfield>
    <subfield code="t">5</subfield>
    <subfield code="w">2018-09-12</subfield>
    <subfield code="y">LB</subfield>
  </datafield>
  <datafield tag="952" ind1=" " ind2=" ">
    <subfield code="0">0</subfield>
    <subfield code="1">0</subfield>
    <subfield code="4">0</subfield>
    <subfield code="7">0</subfield>
    <subfield code="a">11</subfield>
    <subfield code="b">11</subfield>
    <subfield code="d">2018-09-12</subfield>
    <subfield code="l">0</subfield>
    <subfield code="o">RC489 G37</subfield>
    <subfield code="p">11 013805</subfield>
    <subfield code="r">2018-09-12</subfield>
    <subfield code="t">6</subfield>
    <subfield code="w">2018-09-12</subfield>
    <subfield code="y">LB</subfield>
  </datafield>
  <datafield tag="999" ind1=" " ind2=" ">
    <subfield code="c">95529</subfield>
    <subfield code="d">95529</subfield>
  </datafield>
  <controlfield tag="008">150107s2009    MX     | |||| 001 0 spa d</controlfield>
  <datafield tag="020" ind1=" " ind2=" ">
    <subfield code="a">9786071702241</subfield>
  </datafield>
  <datafield tag="050" ind1="0" ind2="4">
    <subfield code="a">RC489</subfield>
    <subfield code="b">G37</subfield>
  </datafield>
  <datafield tag="100" ind1="1" ind2=" ">
    <subfield code="a">Garza Guti&#xE9;rrez, Fidel de la</subfield>
    <subfield code="e">autor</subfield>
  </datafield>
  <datafield tag="245" ind1="1" ind2="0">
    <subfield code="a">Tratamiento de adicciones y compulsiones</subfield>
    <subfield code="b"> : a las drogas, al juego, al sexo, a la comida, a los videojuegos</subfield>
    <subfield code="c"> / Fidel de la Garza Guti&#xE9;rrez </subfield>
  </datafield>
  <datafield tag="260" ind1=" " ind2=" ">
    <subfield code="a">M&#xE9;xico</subfield>
    <subfield code="b"> : Trillas </subfield>
    <subfield code="c"> , 2009</subfield>
  </datafield>
  <datafield tag="300" ind1=" " ind2=" ">
    <subfield code="a">168 p&#xE1;ginas</subfield>
    <subfield code="c"> : ilustraciones </subfield>
  </datafield>
  <datafield tag="500" ind1=" " ind2=" ">
    <subfield code="a">Incluye: &#xCD;ndice onom&#xE1;stico (p. 159) e &#xCD;ndice anal&#xED;tico (p. 160-168)</subfield>
  </datafield>
  <datafield tag="504" ind1=" " ind2=" ">
    <subfield code="a">Bibliograf&#xED;a:  (p. 155-158)</subfield>
  </datafield>
  <datafield tag="505" ind1="2" ind2=" ">
    <subfield code="a">Conceptos generales
El tabaco
El alcohol
La mariguana
Los alucin&#xF3;genos y las drogas disociativas
Los medicamentos de prescripci&#xF3;n y el botiqu&#xED;n familiar
La hero&#xED;na y los derivados del opio
Los inhalantes
La coca&#xED;na
Las drogas de dise&#xF1;o: metanfetaminas
La cafe&#xED;na
Anab&#xF3;licos esteroides androg&#xE9;nicos
El SIDA y las drogas
Los tratamientos en el abuso de sustancias</subfield>
  </datafield>
  <datafield tag="519" ind1=" " ind2=" ">
    <subfield code="a">Plan Flexible / </subfield>
    <subfield code="b">Psicolog&#xED;a / </subfield>
    <subfield code="c">Tratamiento de adicciones P20 (L-2) / </subfield>
    <subfield code="d">(04 004855)</subfield>
  </datafield>
  <datafield tag="519" ind1=" " ind2=" ">
    <subfield code="a">Plan Flexible / </subfield>
    <subfield code="b">Psicolog&#xED;a / </subfield>
    <subfield code="c">Tratamiento de adicciones P20 / </subfield>
    <subfield code="d">(11 008003, 11 008004, 11 008005 11 013801, 11 010916, 11 013805)</subfield>
  </datafield>
  <datafield tag="650" ind1="1" ind2="0">
    <subfield code="a">ABUSO DE DROGAS</subfield>
    <subfield code="x">TRATAMIENTO</subfield>
  </datafield>
  <datafield tag="650" ind1="2" ind2="4">
    <subfield code="a">ADICCIONES</subfield>
    <subfield code="x">PSICOLOG&#xCD;A</subfield>
  </datafield>
  <datafield tag="942" ind1=" " ind2=" ">
    <subfield code="c">LB</subfield>
  </datafield>
</record>
